Bible zilna kongpi (Record no. 7558)

MARC details
000 -LEADER
fixed length control field 00393nam a22001697a 4500
003 - CONTROL NUMBER IDENTIFIER
control field GBCCL
005 - DATE AND TIME OF LATEST TRANSACTION
control field 20241126110631.0
008 - FIXED-LENGTH DATA ELEMENTS--GENERAL INFORMATION
fixed length control field 180822b ||||| |||| 00| 0 eng d
040 ## - CATALOGING SOURCE
Transcribing agency gbc
082 ## - DEWEY DECIMAL CLASSIFICATION NUMBER
Classification number VER 220.07
Item number KHA
100 ## - MAIN ENTRY--PERSONAL NAME
Personal name Khamkam, G
9 (RLIN) 7297
245 ## - TITLE STATEMENT
Title Bible zilna kongpi
260 ## - PUBLICATION, DISTRIBUTION, ETC.
Date of publication, distribution, etc. 1979.
Place of publication, distribution, etc. Lamka:
Name of publisher, distributor, etc. EPA,
300 ## - PHYSICAL DESCRIPTION
Extent 121p. ;
650 ## - SUBJECT ADDED ENTRY--TOPICAL TERM
Topical term or geographic name entry element Bible
Form subdivision study
9 (RLIN) 2583
942 ## - ADDED ENTRY ELEMENTS (KOHA)
Source of classification or shelving scheme Dewey Decimal Classification
Koha item type Books
Holdings
Withdrawn status Lost status Source of classification or shelving scheme Damaged status Not for loan Collection Home library Current Library Shelving location Date acquired Total checkouts Full call number Barcode Date last seen Copy number Price effective from Koha item type
    Dewey Decimal Classification       GRACE BIBLE COLLEGE GRACE BIBLE COLLEGE Archives 2018-08-23   VER 220.07 KHA 002844 2025-05-01 c.1 2018-08-23 Archives
    Dewey Decimal Classification       GRACE BIBLE COLLEGE GRACE BIBLE COLLEGE Vernacular 2018-08-23   VER 220.07 KHA 002845 2025-05-01 c.2 2018-08-23 Books
    Dewey Decimal Classification       GRACE BIBLE COLLEGE GRACE BIBLE COLLEGE Vernacular 2018-08-23   VER 220.07 KHA 002846 2025-05-01 c.3 2018-08-23 Books
© Grace Bible College Library 2025